An Insight Into Management Accounting (Record no. 117894)

MARC details
000 -LEADER
fixed length control field 00305pam a2200133 a 4500
020 ## - INTERNATIONAL STANDARD BOOK NUMBER
Terms of availability
041 ## - LANGUAGE CODE
Language code of original
082 ## - DEWEY DECIMAL CLASSIFICATION NUMBER
Item number SIZ
100 ## - MAIN ENTRY--PERSONAL NAME
Personal name Sizer, J.
245 ## - TITLE STATEMENT
Title An Insight Into Management Accounting
Medium Textual Documents
260 ## - PUBLICATION, DISTRIBUTION, ETC.
Place of publication, distribution, etc. London
Name of publisher, distributor, etc. Pitman Business Education
300 ## - PHYSICAL DESCRIPTION
Extent 525/CB
930 ## - EQUIVALENCE OR CROSS-REFERENCE-UNIFORM TITLE HEADING [LOCAL, CANADA]
Uniform title 11071
Holdings
Withdrawn status Lost status Damaged status Not for loan Collection Home library Current library Shelving location Date acquired Source of acquisition Cost, normal purchase price Total Checkouts Full call number Barcode Date last seen Copy number Price effective from Koha item type
          Abhijit Kadam Institute of Management & Social Science, Solapur Abhijit Kadam Institute of Management & Social Science, Solapur   03/08/1987 Rupa Book International 233.10   SIZ AKS-M-01540 01/03/2023 1 01/03/2023 Book